Online Catalogue and eLibrary

Feminist genealogies, colonial legacies, democratic futures / (Record no. 136)

MARC details
000 -LEADER
fixed length control field 00735cam a2200229 a 4500
001 - CONTROL NUMBER
control field 2561585
005 - DATE AND TIME OF LATEST TRANSACTION
control field 20231204225928.0
008 - FIXED-LENGTH DATA ELEMENTS--GENERAL INFORMATION
fixed length control field 950906s1997 nyu b 001 0 eng
020 ## - INTERNATIONAL STANDARD BOOK NUMBER
ISBN 0415912113 (cloth)
020 ## - INTERNATIONAL STANDARD BOOK NUMBER
ISBN 0415912121 (pbk.)
040 ## - CATALOGING SOURCE (பட்டியலாக்க மூலம்)
Original cataloging agency DLC
Transcribing agency DLC
Modifying agency DLC
082 00 - DDC Classification
Class No. 305.42/09172/4
DDC Edition Number 20
245 00 - TITLE STATEMENT
Title Feminist genealogies, colonial legacies, democratic futures /
Statement of responsibility, etc. edited by M. Jacqui Alexander and Chandra Talpade Mohanty.
260 ## - PUBLICATION, DISTRIBUTION, ETC.
Place of publication, distribution, etc. New York :
Name of publisher, distributor, etc. Routledge,
Date of publication, distribution, etc. 1997.
300 ## - PHYSICAL DESCRIPTION
Extent (e.g. Volumes, Pages etc.) xlii, 422 p. ;
650 #0 - SUBJECT ADDED ENTRY--TOPICAL TERM
Topical term or geographic name entry element Feminism
650 #0 - SUBJECT ADDED ENTRY--TOPICAL TERM
Topical term or geographic name entry element Women
700 1# - ADDED ENTRY--PERSONAL NAME
Personal name Alexander, M. Jacqui.
Relator term (Role) Editor
700 1# - ADDED ENTRY--PERSONAL NAME
Personal name Mohanty, Chandra Talpade,
Relator term (Role) Editor
856 42 - ELECTRONIC LOCATION AND ACCESS
Uniform Resource Identifier <a href="http://www.loc.gov/catdir/enhancements/fy0702/95036341-d.html">http://www.loc.gov/catdir/enhancements/fy0702/95036341-d.html</a>
942 ## - Koha item type (Biblio)
Koha item type Books in Stacks (Lending)
Holdings
Lost status Damaged status Collection code Home library Current library Date acquired Full call number Accession Number Item type
    Lending WERC Library WERC Library 12/05/2023 305.42/09172/4 2340 Books in Stacks (Lending)

© WERC Library